|
|
|
|
| LEADER |
00000nam a2200000 a 4500 |
| 001 |
vtls010576818 |
| 003 |
SK-MaSNL |
| 005 |
20260301133633.0 |
| 008 |
240318s1976 xo a p 000 0 slo |
| 015 |
|
|
|a SNBA1976
|
| 040 |
|
|
|a SNK
|b slo
|c SNK
|e AACR2
|
| 041 |
0 |
|
|a slo
|
| 044 |
|
|
|a xo
|c SK
|
| 080 |
|
|
|a 624.012.4.001.2(075.8)
|2 1981
|
| 080 |
|
|
|a 378:624.012.4.001.2(075.8)
|2 1981
|
| 100 |
1 |
|
|a Cesnak, Ján,
|d 1936-
|4 aut
|9 24547
|
| 245 |
1 |
0 |
|a Betónové konštrukcie - atelierová tvorba
|b (výpočty podľa medzných stavov)
|c Ján Cesnak, Milan Čabrák
|
| 250 |
|
|
|a 1. vyd.
|
| 260 |
|
|
|a Bratislava
|b Slovenská vysoká škola technická
|c 1976
|
| 300 |
|
|
|a 275 s.
|b grafy, sch., tab.
|c 29 cm
|
| 366 |
|
|
|e 500 výt.
|
| 504 |
|
|
|a Bibliogr.
|
| 650 |
0 |
7 |
|a pozemné stavby
|2 SNKPH
|9 1612
|
| 650 |
0 |
7 |
|a betónové konštrukcie
|2 SNKPH
|9 1686
|
| 655 |
|
7 |
|a učebnice vysokých škôl
|2 SNKPH
|9 70191
|
| 700 |
1 |
|
|a Čabrák, Milan,
|d 1942-
|4 aut
|9 115946
|
| 958 |
|
|
|a OND
|
| 958 |
|
|
|a SK
|
| 958 |
|
|
|a NB
|
| 958 |
|
|
|a UV
|
| 999 |
|
|
|c 754261
|d 756191
|
| 952 |
|
|
|a SNK
|b SNK
|y PREZ
|7 0
|p 17A0942039
|o snkSB 23979
|0 0
|1 0
|4 0
|d 2014-02-17
|f 1
|l 0
|r 2025-03-27 00:00:00
|w 2026-02-23
|